000
00281nam a2200109Ia 4500
008
230524s9999 xx 000 0 und d
100
_a
Rabindranath Tagore
_9
36645
245
0
_a
Three Woman
500
_a
Quantity Number: 1
650
_a
Personality Development
_9
36646
942
_c
BK
999
_c
50681
_d
50681